000 00794nam a2200289Ia 4500
005 20260324114941.0
008 008 260324s9999 xx 000 0 eng d
020 _a9781003098454
037 _aEBOOK
040 _aCRL
040 _beng
040 _cCRL
041 _2eng
041 _aeng
084 _qCRL
100 _aRadhika Ranjan Roy
_91143655
245 0 _aHandbook on Networked Multipoint Multimedia Conferencing and Multistream Immersive Telepresence using SIP
245 0 _bScalable Distributed Applications and Media Control over Internet
260 _bTaylor and Francis
260 _c2020
365 _a
365 _b370
856 _uhttp://www.taylorfrancis.com/books/9781003098454
942 _cEBOOK
999 _c1743294
_d1743294